Aspectos generales necesarios para determinar los costos de corta y extracción de la madera /
Guardat en:
| Autor principal: | |
|---|---|
| Altres autors: | |
| Format: | Text |
| Publicat: |
San José:
MAG. Direción General Forestal
|
| Etiquetes: |
Afegir etiqueta
Sense etiquetes, Sigues el primer a etiquetar aquest registre!
|
MARC
| LEADER | 00000 a a2200000 04500 | ||
|---|---|---|---|
| 001 | 15903 | ||
| 003 | |||
| 040 | |a CRAI/IIS |c CRAI/IIS | ||
| 090 | |a 015300 | ||
| 100 | |a Salas Zúñiga, José Luis | ||
| 245 | |a Aspectos generales necesarios para determinar los costos de corta y extracción de la madera / |c José Luis Salas Zúñiga | ||
| 260 | |a San José: |b MAG. Direción General Forestal | ||
| 300 | |a 9 p. | ||
| 700 | |a Vindas Chávez, Danilo | ||
| 999 | |c 16527 |d 16527 | ||
